|
|
|
|
| LEADER |
01320nam a2200337 i 4500 |
| 001 |
36026 |
| 003 |
BD-DhAAL |
| 005 |
20191217102520.0 |
| 008 |
191217t1978 nyua b 001 0 eng d |
| 999 |
|
|
|c 42055
|d 42055
|
| 010 |
|
|
|a
|
| 020 |
|
|
|a 0070462011
|
| 040 |
|
|
|a DLC
|c DLC
|d DLC
|d BD-DhAAL
|
| 050 |
0 |
0 |
|a HV3004
|b .N43
|
| 082 |
0 |
0 |
|a 362.3
|
| 100 |
1 |
|
|a Neisworth, John T.
|9 38397
|
| 245 |
1 |
0 |
|a Retardation :
|b issues, assessment, and intervention /
|c John T. Neisworth, Robert M. Smith.
|
| 260 |
|
|
|a New York :
|b McGraw-Hill,
|c c1978.
|
| 300 |
|
|
|a viii, 566 pages :
|b illustrations ;
|c 25 cm.
|
| 490 |
0 |
|
|a McGraw-Hill series in special education
|
| 500 |
|
|
|a Includes index.
|
| 504 |
|
|
|a Includes bibliographical references: (pages 490-541)
|
| 526 |
|
|
|a BIED
|
| 541 |
|
|
|a Complimentary copy from BIED
|e 36026
|
| 650 |
|
0 |
|a People with mental disabilities
|x Services for.
|9 38398
|
| 650 |
|
0 |
|a People with mental disabilities
|x Care.
|9 38399
|
| 650 |
|
0 |
|a Mental retardation
|9 38400
|
| 700 |
1 |
|
|a Smith, Robert McNeil,
|9 38401
|
| 852 |
|
|
|a Ayesha Abed Library
|c General Stacks
|
| 942 |
|
|
|2 ddc
|c BK
|
| 952 |
|
|
|0 0
|1 0
|2 ddc
|4 0
|6 362_300000000000000_NEI
|7 0
|9 67464
|a BRACUL
|b BRACUL
|c GEN
|d 2019-12-17
|e Complimentary copy from BIED
|l 0
|o 362.3 NEI
|p 3010036026
|r 2019-12-17
|t 1
|w 2019-12-17
|y BK
|x Transferred from BIED to General Stacks
|